[Event "Forcing Moves First Spring-2"]
[Site "Mississauga CAN"]
[Date "2023.05.27"]
[Round "3.1"]
[White "Lin, Benjamin"]
[Black "Zhao, Jifan"]
[Result "1-0"]
[WhiteElo "2122"]
[BlackElo "1873"]
[PlyCount "85"]
[EventDate "2023.05.27"]
[EventType "swiss"]
[EventRounds "5"]
[EventCountry "CAN"]

1. d4 d5 2. c4 dxc4 3. e4 Nf6 4. e5 Nd5 5. Bxc4 Nc6 6. Ne2 Nb6 7. Bd3 Bg4 8. f3
Bh5 9. Be4 Qd7 10. Nbc3 e6 11. O-O Bg6 12. Be3 Bxe4 13. Nxe4 Be7 14. N2c3 Nb4
15. Bf2 c6 16. Nc5 Bxc5 17. dxc5 Qxd1 18. Rfxd1 N6d5 19. Ne4 O-O 20. a3 Na6 21.
Rac1 Rfd8 22. b4 Nf4 23. Kf1 Nd3 24. Rb1 Nxf2 25. Kxf2 Nc7 26. Nd6 Rdb8 27.
Nxf7 Nd5 28. Ng5 Nc3 29. Nxe6 Nxb1 30. Rxb1 Rc8 31. Rd1 Kf7 32. Ng5+ Kg6 33. f4
Rd8 34. Rd6+ Kf5 35. Kf3 Rxd6 36. cxd6 h6 37. g4+ Kg6 38. Ne6 Kf7 39. Nc7 Rc8
40. e6+ Kf6 41. g5+ hxg5 42. fxg5+ Ke5 43. e7 1-0

[Event "Forcing Moves First Spring-2"]
[Site "Mississauga CAN"]
[Date "2023.05.27"]
[Round "3.2"]
[White "Chipanga, Takaedza"]
[Black "Ghnatios, Ralph"]
[Result "0-1"]
[WhiteElo "2072"]
[BlackElo "1950"]
[PlyCount "66"]
[EventDate "2023.05.27"]
[EventType "swiss"]
[EventRounds "5"]
[EventCountry "CAN"]

1. d4 Nf6 2. c4 g6 3. f3 c5 4. d5 Bg7 5. Nc3 d6 6. e4 Na6 7. Be3 Bd7 8. Qd2 h5
9. O-O-O Nc7 10. h3 a6 11. Bd3 b5 12. f4 bxc4 13. Bb1 h4 14. e5 Nh5 15. e6 Nxe6
16. dxe6 Bxe6 17. Be4 Rb8 18. Bc6+ Kf8 19. Nge2 Bf6 20. Bd5 Bxd5 21. Qxd5 Qb6
22. Qd2 Kg7 23. Qc2 e6 24. Na4 Qc6 25. Nec3 Ng3 26. Rhe1 Be7 27. Bg1 Rh5 28.
Ne4 Nxe4 29. Rxe4 d5 30. Re5 Rxe5 31. fxe5 d4 32. b3 Bg5+ 33. Kb1 Qxa4 0-1

[Event "Forcing Moves First Spring-2"]
[Site "Mississauga CAN"]
[Date "2023.05.27"]
[Round "3.3"]
[White "Qian, Eric"]
[Black "Brajkovic, Nikola"]
[Result "1-0"]
[WhiteElo "1877"]
[BlackElo "2013"]
[PlyCount "91"]
[EventDate "2023.05.27"]
[EventType "swiss"]
[EventRounds "5"]
[EventCountry "CAN"]

1. Nf3 Nf6 2. c4 e6 3. g3 d5 4. Bg2 Be7 5. O-O O-O 6. Qc2 Nbd7 7. d3 c6 8. Bf4
Ne8 9. Nc3 Bd6 10. Bd2 dxc4 11. dxc4 h6 12. Ne4 Be7 13. b4 Nd6 14. Nxd6 Bxd6
15. c5 Bc7 16. Bc3 Qe7 17. Nd4 a6 18. Rfd1 Nf6 19. a3 Bd7 20. Rd2 Rfd8 21. Rad1
Be8 22. Bb2 Rac8 23. Qc3 Qf8 24. Qe3 Nd5 25. Qf4 Qe7 26. Qg4 f5 27. Qf3 Bg6 28.
e4 Nf6 29. exf5 Bh5 30. Qb3 Bxd1 31. Rxd1 Kh8 32. fxe6 Be5 33. Nxc6 Rxd1+ 34.
Qxd1 bxc6 35. Bxe5 Qxe6 36. Qd6 Qf5 37. h3 Re8 38. Bxf6 Re1+ 39. Kh2 Qxf6 40.
Qf4 Qxf4 41. gxf4 Ra1 42. Bxc6 Rxa3 43. Bb7 a5 44. c6 axb4 45. c7 Rc3 46. c8=Q+
1-0

[Event "Forcing Moves First Spring-2"]
[Site "Mississauga CAN"]
[Date "2023.05.27"]
[Round "3.4"]
[White "Botello, Daniel"]
[Black "Bordas, Gyula"]
[Result "1-0"]
[WhiteElo "1840"]
[BlackElo "2082"]
[PlyCount "76"]
[EventDate "2023.05.27"]
[EventType "swiss"]
[EventRounds "5"]
[EventCountry "CAN"]

1. d4 e6 2. e4 d5 3. Nc3 Bb4 4. Bd3 c5 5. dxc5 d4 6. a3 Bxc5 7. Nce2 Nc6 8. f4
a5 9. Nf3 Nf6 10. O-O Qc7 11. Kh1 Bd7 12. Qe1 h6 13. Rb1 a4 14. Qg3 Nh5 15. Qf2
O-O-O 16. c3 g5 17. cxd4 Ba7 18. Bd2 Nxf4 19. Nxf4 gxf4 20. Rfc1 e5 21. Qh4
exd4 22. b3 axb3 23. Rxb3 Be6 24. Rb5 Bb8 25. Rbc5 Rhg8 26. Ba5 Nxa5 27. Rxc7+
Bxc7 28. Qh5 Nc6 29. Qb5 Bd7 30. Qa4 Bb6 31. Ne5 Kb8 32. Nxd7+ Rxd7 33. Rb1 Rc7
34. Rxb6 Ne5 35. Bf1 f3 36. g3 Rc1 37. Qb3 Nc6 38. Rxb7+ Kc8 {Unreadable.} 1-0

[Event "Forcing Moves First Spring-2"]
[Site "Mississauga CAN"]
[Date "2023.05.28"]
[Round "4.1"]
[White "Ghnatios, Ralph"]
[Black "Lin, Benjamin"]
[Result "1/2-1/2"]
[WhiteElo "1950"]
[BlackElo "2122"]
[PlyCount "132"]
[EventDate "2023.05.27"]
[EventType "swiss"]
[EventRounds "5"]
[EventCountry "CAN"]

1. e4 c5 2. Nf3 e6 3. Nc3 Nc6 4. d4 cxd4 5. Nxd4 a6 6. Bc4 Qc7 7. Bb3 Nf6 8.
Be3 b5 9. f3 Bb7 10. Qd2 Bb4 11. a3 Be7 12. g4 d6 13. O-O-O Na5 14. h4 Nxb3+
15. Nxb3 Rc8 16. h5 h6 17. g5 hxg5 18. Bxg5 Rxh5 19. Rxh5 Nxh5 20. Bxe7 Kxe7
21. Qg5+ Nf6 22. Nd4 Qc5 23. Qxg7 Rg8 24. Qh6 Qg5+ 25. Qxg5 Rxg5 26. Rh1 d5 27.
f4 Rh5 28. Rxh5 Nxh5 29. exd5 Nxf4 30. dxe6 Nxe6 31. Nf5+ Kd7 32. b4 Ng5 33. a4
Ne4 34. Nxe4 Bxe4 35. Ng3 Bf3 36. a5 Ke6 37. Kd2 Ke5 38. Ke3 Bd1 39. c3 f5 40.
Nh1 f4+ 41. Kd3 Bb3 42. Nf2 Bc4+ 43. Kd2 Kf5 44. Ke1 f3 45. Kd2 Kf4 46. Nh1 Kg4
47. Ke3 Kh3 48. Nf2+ Kg2 49. Ne4 Bd5 50. Nf2 Kf1 51. Nd3 Ba8 52. Nf2 Ke1 53.
Ng4 Kd1 54. Kd3 Bc6 55. Nf2+ Ke1 56. Ke3 Ba8 57. Ng4 Kd1 58. Kd3 Ke1 59. Ke3
Kf1 60. Nf2 Kg2 61. Nd3 Kg3 62. Nf2 Bd5 63. Nd3 Bc4 64. Nf2 Bd5 65. Nd3 Bc4 66.
Nf2 Bd5 1/2-1/2

[Event "Forcing Moves First Spring-2"]
[Site "Mississauga CAN"]
[Date "2023.05.28"]
[Round "4.2"]
[White "Botello, Daniel"]
[Black "Qian, Eric"]
[Result "1/2-1/2"]
[WhiteElo "1840"]
[BlackElo "1877"]
[PlyCount "150"]
[EventDate "2023.05.27"]
[EventType "swiss"]
[EventRounds "5"]
[EventCountry "CAN"]

1. d4 d5 2. Nc3 Nf6 3. Bg5 e6 4. e4 dxe4 5. Nxe4 Be7 6. Bxf6 Bxf6 7. Nf3 O-O 8.
Qd2 b6 9. O-O-O Bb7 10. Qf4 Nd7 11. h4 Qe7 12. Bd3 e5 13. Qf5 Bxe4 14. Qxe4 g6
15. h5 exd4 16. hxg6 hxg6 17. Qg4 Ne5 18. Nxe5 Qxe5 19. Kb1 Qg5 20. Qh3 Rfe8
21. g3 Bg7 22. f4 Qf6 23. Rdf1 Re3 24. Qh7+ Kf8 25. g4 Rae8 26. a3 g5 27. fxg5
Qxg5 28. Ka2 Qd5+ 29. b3 b5 30. Rh5 R8e5 31. Rhf5 Rxf5 32. Rxf5 Re5 33. Qh2
Rxf5 34. gxf5 Qd7 35. Qe2 a6 36. Qf3 Qd6 37. Qa8+ Ke7 38. Qe4+ Be5 39. Bf1 f6
40. Bg2 Qc5 41. Qc6 Qxc6 42. Bxc6 Kd6 43. Bb7 a5 44. a4 b4 45. Be4 Bg3 46. Kb2
Ke5 47. Bd3 Kf4 48. Kc1 Kf3 49. Kd2 Kf2 50. Be4 Bf4+ 51. Kd3 Be5 52. Kc4 Ke3
53. Bd3 c5 54. Kxc5 Bc7 55. Kc6 Bd8 56. Kd7 Bb6 57. Ke7 Kf4 58. Kxf6 Bd8+ 59.
Ke6 Kg5 60. Kd5 Bb6 61. Kc6 Bd8 62. Kc5 Bf6 63. Kb6 Bd8+ 64. Kc5 Bf6 65. Kb6
Bd8+ 66. Kb5 Kf6 67. Kc5 Ke5 68. Kc6 Be7 69. Kd7 Bh4 70. Kc6 Bg5 71. Kc5 Bf6
72. Kb5 Bd8 73. Kc6 Bh4 74. Kc5 Bf6 75. Kb5 Bd8 1/2-1/2

[Event "Forcing Moves First Spring-2"]
[Site "Mississauga CAN"]
[Date "2023.05.28"]
[Round "4.3"]
[White "Zhao, Jifan"]
[Black "Chipanga, Takaedza"]
[Result "1-0"]
[WhiteElo "1873"]
[BlackElo "2072"]
[PlyCount "49"]
[EventDate "2023.05.27"]
[EventType "swiss"]
[EventRounds "5"]
[EventCountry "CAN"]

1. e4 e5 2. Nf3 Nc6 3. Bb5 a6 4. Ba4 Nf6 5. d3 d6 6. Bb3 Be7 7. O-O Na5 8. c3
Nxb3 9. axb3 O-O 10. b4 b5 11. Nbd2 Re8 12. Nb3 h6 13. h3 Bf8 14. Nh2 c5 15.
Na5 cxb4 16. Nc6 Qd7 17. Nxb4 d5 18. Nxd5 Nxd5 19. exd5 Qxd5 20. Qf3 Bb7 21.
Qg3 Re6 22. Ng4 Rg6 23. c4 bxc4 24. dxc4 Qxc4 25. Qxe5 {cell phone violation}
1-0

[Event "Forcing Moves First Spring-2"]
[Site "Mississauga CAN"]
[Date "2023.05.28"]
[Round "4.4"]
[White "Bordas, Gyula"]
[Black "Brajkovic, Nikola"]
[Result "0-1"]
[WhiteElo "2082"]
[BlackElo "2013"]
[PlyCount "56"]
[EventDate "2023.05.27"]
[EventType "swiss"]
[EventRounds "5"]
[EventCountry "CAN"]

1. e4 e6 2. d4 d5 3. Nd2 Nf6 4. e5 Nfd7 5. f4 c5 6. c3 Nc6 7. Ndf3 Qb6 8. h4
cxd4 9. cxd4 Bb4+ 10. Kf2 f6 11. Ke3 O-O 12. Ne2 Be7 13. Rh3 Qd8 14. Nh2 f5 15.
Ng3 Nb6 16. Bd3 Bd7 17. Nh1 Be8 18. Ng3 Rc8 19. a3 Qd7 20. Bd2 Nd8 21. b3 Nf7
22. Nf3 Nh6 23. Kf2 a6 24. Nf1 Na8 25. Ne3 Nc7 26. Bc3 Kh8 27. Qe1 Bf7 28. Qe2
Bg8 {Unreadable.} 0-1

[Event "Forcing Moves First Spring-2"]
[Site "Mississauga CAN"]
[Date "2023.05.28"]
[Round "5.1"]
[White "Ghnatios, Ralph"]
[Black "Zhao, Jifan"]
[Result "1/2-1/2"]
[WhiteElo "1950"]
[BlackElo "1873"]
[PlyCount "114"]
[EventDate "2023.05.27"]
[EventType "swiss"]
[EventRounds "5"]
[EventCountry "CAN"]

1. e4 e6 2. d4 d5 3. Nc3 Nf6 4. e5 Nfd7 5. f4 c5 6. Nf3 Nc6 7. Be3 Be7 8. Bd3
Qb6 9. Na4 Qa5+ 10. c3 cxd4 11. b4 Qc7 12. Nxd4 Nxd4 13. Bxd4 O-O 14. O-O f5
15. exf6 Bxf6 16. Nc5 Nxc5 17. Bxc5 Be7 18. Bxe7 Qxe7 19. Qe2 Qc7 20. Qe3 Bd7
21. Rae1 Qb6 22. Qxb6 axb6 23. f5 exf5 24. Re7 Rf7 25. Rxf7 Kxf7 26. Bxf5 Bxf5
27. Rxf5+ Ke6 28. Rf2 Ra3 29. Rc2 b5 30. Kf2 Ke5 31. Re2+ Kd6 32. Rc2 Ra8 33.
Ke3 Re8+ 34. Kd3 Rf8 35. Re2 Rf1 36. g3 Rh1 37. Rf2 g6 38. h4 Rg1 39. Rf3 Ke5
40. Re3+ Kf5 41. Kd4 Kg4 42. Re7 h5 43. Rxb7 Kxg3 44. Rxb5 Kxh4 45. a4 Ra1 46.
a5 g5 47. Kxd5 g4 48. Ke4 g3 49. Kf3 Rc1 50. Rc5 Rc2 51. Rc6 Kh3 52. a6 g2 53.
Rg6 Rxc3+ 54. Kf2 Rc2+ 55. Kf3 Rc3+ 56. Kf2 Rc2+ 57. Kf3 Rc3+ 1/2-1/2

[Event "Forcing Moves First Spring-2"]
[Site "Mississauga CAN"]
[Date "2023.05.28"]
[Round "5.3"]
[White "Brajkovic, Nikola"]
[Black "Botello, Daniel"]
[Result "0-1"]
[WhiteElo "2013"]
[BlackElo "1840"]
[PlyCount "56"]
[EventDate "2023.05.27"]
[EventType "swiss"]
[EventRounds "5"]
[EventCountry "CAN"]

1. e4 e5 2. Nf3 d5 3. Be2 Bd6 4. d3 h6 5. exd5 Nf6 6. c4 O-O 7. Nc3 c6 8. dxc6
Nxc6 9. h3 Re8 10. O-O Bf5 11. Nd2 Nd4 12. Nde4 Bb8 13. Be3 Nd7 14. Ng3 Bh7 15.
Nd5 Qh4 16. b4 Nf8 17. Nh1 Nfe6 18. f3 Bd6 19. Bf2 Qd8 20. Re1 b5 21. Bf1 bxc4
22. dxc4 Nc2 23. Qc1 Nxe1 24. Bxe1 Nd4 25. Ne3 e4 26. fxe4 Bf4 27. Bf2 Qg5 28.
Qc3 Nf3# 0-1

[Event "Forcing Moves First Spring-2"]
[Site "Mississauga CAN"]
[Date "2023.05.28"]
[Round "5.4"]
[White "Chipanga, Takaedza"]
[Black "Bordas, Gyula"]
[Result "1-0"]
[WhiteElo "2072"]
[BlackElo "2082"]
[PlyCount "79"]
[EventDate "2023.05.27"]
[EventType "swiss"]
[EventRounds "5"]
[EventCountry "CAN"]

1. d4 e6 2. c4 c5 3. d5 exd5 4. cxd5 d6 5. Nc3 g6 6. e4 Bg7 7. Be3 Nf6 8. f3
O-O 9. Qd2 Re8 10. Be2 a6 11. a4 Nbd7 12. Nh3 b6 13. O-O Bb7 14. Nf2 Qc7 15.
Rfc1 Rac8 16. Rab1 h5 17. Kh1 Ne5 18. h3 Nh7 19. f4 Nd7 20. Bc4 Qd8 21. Qd3 Ra8
22. b4 Bc8 23. b5 a5 24. Re1 Ndf8 25. Rbd1 f5 26. e5 dxe5 27. d6+ Kh8 28. fxe5
Rxe5 29. Bf4 Rxe1+ 30. Rxe1 Nf6 31. Re7 N8d7 32. Nd5 Ra7 33. Qe2 Rb7 34. Nc7
Bf8 35. Ne6 Bxe7 36. Nxd8 Bxd8 37. Bg5 Kg7 38. Qe6 Nf8 39. Bxf6+ Bxf6 40. Qg8+
1-0

[Event "Forcing Moves First Spring-2 U1900"]
[Site "Mississauga CAN"]
[Date "2023.05.27"]
[Round "1.5"]
[White "Guan, Isabelle"]
[Black "Kabilar, Kesavar"]
[Result "1/2-1/2"]
[WhiteElo "1326"]
[BlackElo "1775"]
[PlyCount "135"]
[EventDate "2023.05.27"]
[EventType "swiss"]
[EventRounds "5"]
[EventCountry "CAN"]

1. e4 e5 2. Nf3 Nc6 3. Bc4 Bc5 4. d3 h6 5. Nc3 Nf6 6. h3 d6 7. Be3 Bb6 8. Qd2
a6 9. O-O-O Na5 10. Bb3 Nxb3+ 11. cxb3 Be6 12. Kb1 Qe7 13. d4 exd4 14. Bxd4
Bxd4 15. Nxd4 Bd7 16. Rhe1 O-O-O 17. Rc1 Kb8 18. Qc2 Rc8 19. f4 Be6 20. e5 dxe5
21. Rxe5 Rhd8 22. Nf3 Qb4 23. f5 Bd5 24. Nxd5 Nxd5 25. Re4 Qb6 26. Ne5 Qf6 27.
g4 Ka8 28. Qc5 c6 29. Nc4 Re8 30. Rd4 Rcd8 31. Rcd1 Qh4 32. Na5 Qf6 33. Nc4 g6
34. Nb6+ Nxb6 35. Qxb6 Rxd4 36. Rxd4 gxf5 37. Rd7 Rb8 38. Rd4 fxg4 39. hxg4 Re8
40. a4 Qe5 41. Ka2 f6 42. Rd7 Rb8 43. Rd4 f5 44. gxf5 Qxf5 45. Rd8 Qe5 46. Rd7
h5 47. Rh7 Qf5 48. Rh6 Re8 49. Qd4 Qg4 50. Qxg4 hxg4 51. Rg6 Rf8 52. Rxg4 Ka7
53. b4 Rf5 54. Ka3 Kb6 55. Rc4 Kc7 56. Rd4 Rd5 57. Rf4 Rd3+ 58. b3 Rd7 59. Rf5
Re7 60. b5 axb5 61. axb5 Kb6 62. bxc6 Kxc6 63. Ka4 Re4+ 64. Ka5 Re6 65. Rb5 Kc7
66. Rc5+ Kd7 67. Rd5+ Kc7 68. Rc5+ 1/2-1/2

[Event "Forcing Moves First Spring-2 U1900"]
[Site "Mississauga CAN"]
[Date "2023.05.27"]
[Round "1.6"]
[White "Cater, Brendan"]
[Black "Sekaran, Adithya"]
[Result "1-0"]
[WhiteElo "1768"]
[BlackElo "1314"]
[PlyCount "77"]
[EventDate "2023.05.27"]
[EventType "swiss"]
[EventRounds "5"]
[EventCountry "CAN"]

1. e4 c5 2. Nf3 d6 3. c3 Bg4 4. Be2 Nd7 5. d4 cxd4 6. cxd4 Ngf6 7. Nc3 Bxf3 8.
Bxf3 e5 9. O-O Be7 10. Be3 O-O 11. Be2 Nb6 12. f4 exd4 13. Bxd4 Nfd7 14. Qd2
Bf6 15. Rad1 Nc8 16. Bxf6 Nxf6 17. e5 Qb6+ 18. Kh1 dxe5 19. fxe5 Ne8 20. Bc4
Nc7 21. Bxf7+ Kh8 22. Qd8 Qc5 23. Ne4 Qe7 24. Qxe7 Nxe7 25. Nc5 Nc6 26. e6 b6
27. Nd7 Rfd8 28. Rc1 Ne7 29. Rxc7 Nd5 30. Rcc1 Ne7 31. Rf2 h6 32. h3 Rac8 33.
Rfc2 Rxc2 34. Rxc2 Nd5 35. Ne5 Ne3 36. Rc1 Nf5 37. g4 Ng3+ 38. Kg2 Ne2 39. e7
1-0

[Event "Forcing Moves First Spring-2 U1900"]
[Site "Mississauga CAN"]
[Date "2023.05.27"]
[Round "1.8"]
[White "Xie, Irene"]
[Black "Liu, Zeyu"]
[Result "1-0"]
[WhiteElo "1703"]
[BlackElo "1286"]
[PlyCount "81"]
[EventDate "2023.05.27"]
[EventType "swiss"]
[EventRounds "5"]
[EventCountry "CAN"]

1. e4 c5 2. Nf3 a6 3. g3 b5 4. Bg2 Bb7 5. d3 e6 6. a4 Nc6 7. Nc3 b4 8. Ne2 Nf6
9. O-O Be7 10. b3 O-O 11. Bb2 Qc7 12. Nd2 d5 13. Nf4 Rfd8 14. Bxf6 Bxf6 15.
exd5 exd5 16. Nxd5 Rxd5 17. Bxd5 Bxa1 18. Qxa1 Nd4 19. Bxb7 Qxb7 20. Qd1 Re8
21. Re1 Rxe1+ 22. Qxe1 h6 23. Qe8+ Kh7 24. Qe4+ Qxe4 25. Nxe4 Ne6 26. f4 f5 27.
Nd6 g5 28. fxg5 hxg5 29. Nxf5 Kg6 30. Nd6 Kf6 31. Kf2 Ke5 32. Ne4 g4 33. Ke2
Kd4 34. Kd2 Ke5 35. c3 a5 36. Nf2 Kf5 37. Kc2 Nd8 38. cxb4 cxb4 39. d4 Nf7 40.
Kd3 Nd6 41. d5 1-0

[Event "Forcing Moves First Spring-2 U1900"]
[Site "Mississauga CAN"]
[Date "2023.05.27"]
[Round "1.9"]
[White "Hong, Zihan"]
[Black "Leung, Wah Sing (Joseph)"]
[Result "1-0"]
[WhiteElo "1280"]
[BlackElo "1681"]
[PlyCount "67"]
[EventDate "2023.05.27"]
[EventType "swiss"]
[EventRounds "5"]
[EventCountry "CAN"]

1. d4 d5 2. c4 c6 3. cxd5 cxd5 4. Nc3 Nc6 5. Bf4 Nf6 6. e3 a6 7. Bd3 g6 8. Nf3
Bg7 9. O-O O-O 10. h3 b5 11. Rc1 Bb7 12. Nd2 e6 13. Nb3 Nd7 14. Be2 f5 15. Bf3
Na5 16. Nxa5 Qxa5 17. Qb3 Qb6 18. Nxd5 exd5 19. Bxd5+ Kh8 20. Bxb7 Qxb7 21. Rc7
Qb6 22. Rxd7 g5 23. Be5 Bxe5 24. dxe5 f4 25. Qc3 Qe6 26. Rfd1 Rac8 27. Qd4 fxe3
28. fxe3 Rc4 29. Qd6 Qg8 30. e6 Re4 31. e7 Re8 32. Rf1 Re6 33. Qd4+ Qg7 34.
Rf8+ 1-0

[Event "Forcing Moves First Spring-2 U1900"]
[Site "Mississauga CAN"]
[Date "2023.05.27"]
[Round "1.10"]
[White "Langridge, Caleb"]
[Black "Buscar, Bernard"]
[Result "1/2-1/2"]
[WhiteElo "1252"]
[BlackElo "1558"]
[Annotator ",hugh_brodie@hotmail."]
[PlyCount "64"]
[EventDate "2023.05.27"]
[EventType "swiss"]
[EventRounds "5"]
[EventCountry "CAN"]

1. d4 d5 2. c4 Nf6 3. cxd5 Nxd5 4. e4 Nf6 5. Nc3 e6 6. Bg5 Be7 7. Bf4 c6 8. Bd3
Qxd4 9. Nb5 Qb4+ 10. Bd2 Qxb2 11. Nc7+ Kf8 12. Nxa8 Qd4 13. Be3 Qc3+ 14. Kf1
Qa5 15. a3 b5 16. Qe1 Qd8 17. Rd1 Nbd7 18. Bf4 e5 19. Bxb5 Bb7 20. Bxe5 Bxa8
21. Bxf6 Bxf6 22. Qd2 Ke8 23. Bc4 Ne5 24. Qxd8+ Bxd8 25. Bb3 Ke7 26. h3 c5 27.
Bd5 Bb6 28. Bxa8 Rxa8 29. Ne2 Nc4 30. Rd5 Nxa3 31. Ke1 Nb5 32. Rd1 a5 {
etc. (56 moves)} 1/2-1/2

[Event "Forcing Moves First Spring-2 U1900"]
[Site "Mississauga CAN"]
[Date "2023.05.27"]
[Round "1.11"]
[White "Patil, Tanishq"]
[Black "Uyanik, Mehmet"]
[Result "1-0"]
[WhiteElo "1535"]
[BlackElo "1236"]
[Annotator ",hugh_brodie@hotmail."]
[PlyCount "97"]
[EventDate "2023.05.27"]
[EventType "swiss"]
[EventRounds "5"]
[EventCountry "CAN"]

1. d4 b6 2. Bf4 Bb7 3. e3 Nf6 4. Nf3 e6 5. Nbd2 Bd6 6. Bg3 O-O 7. Bd3 Nc6 8.
O-O Bxg3 9. hxg3 Nb4 10. Be2 Rc8 11. c3 Nbd5 12. a4 Ng4 13. a5 Ngxe3 14. fxe3
Nxe3 15. Qb3 Nxf1 16. Nxf1 Bd5 17. c4 Be4 18. N3d2 Bg6 19. Bf3 Qf6 20. Qc3 Rfe8
21. Ne4 Bxe4 22. Bxe4 e5 23. d5 d6 24. b4 Qg5 25. Qe3 Qe7 26. b5 Rf8 27. Bf5
Rce8 28. a6 g6 29. Bc2 f5 30. Re1 f4 31. gxf4 Rxf4 32. Nd2 Ref8 33. Bd3 Qg5 34.
Nf3 Qg4 35. Nh2 Qh5 36. Be2 Qf5 37. Bd3 Qf6 38. Qd2 Rd4 39. Nf3 Rg4 40. Nh2 Rf4
41. Nf3 Re8 42. Qc2 Qe7 43. Be4 g5 44. g3 Rf7 45. Qd2 h6 46. Qd3 Ref8 47. Qe3
Qd7 48. Nd2 Qg4 49. Rc1 {Unreadable. 1-0 in 72 moves.} 1-0

[Event "Forcing Moves First Spring-2 U1900"]
[Site "Mississauga CAN"]
[Date "2023.05.27"]
[Round "1.12"]
[White "Anish, Diganth"]
[Black "Shah, Mustafa"]
[Result "1/2-1/2"]
[WhiteElo "1209"]
[BlackElo "1391"]
[PlyCount "135"]
[EventDate "2023.05.27"]
[EventType "swiss"]
[EventRounds "5"]
[EventCountry "CAN"]

1. e4 c6 2. d4 d5 3. e5 Bf5 4. h4 h6 5. Nc3 e6 6. Nf3 Nd7 7. Be3 Bb4 8. Qd2 Ne7
9. a3 Bxc3 10. Qxc3 Bh7 11. Be2 Nf5 12. g4 Nxe3 13. fxe3 Be4 14. Rh3 Bxf3 15.
Bxf3 Qb6 16. O-O-O O-O-O 17. e4 Kb8 18. Bg2 Rhf8 19. Qe3 Qc7 20. Rd3 Nb6 21. g5
h5 22. Rg3 g6 23. Qf4 dxe4 24. Bxe4 Nd5 25. Bxd5 Rxd5 26. Rgf3 b6 27. Qf6 Rd7
28. Rf4 Re8 29. Rdf3 Ree7 30. Rc3 Kb7 31. Rc4 Rd5 32. Rf3 b5 33. Rc5 Rxd4 34.
Rfc3 Red7 35. b3 R4d5 36. Rxc6 Qxe5 37. Qf3 Qe1+ 38. Kb2 Qxh4 39. R6c5 a6 40.
Rd3 Qg4 41. Rcxd5 exd5 42. Qxg4 hxg4 43. Rg3 Kc6 44. Rxg4 Kd6 45. Kc3 Ke5 46.
Kd3 Kf5 47. Rg2 d4 48. Rg1 f6 49. gxf6 Kxf6 50. Rg4 Kf5 51. Rxd4 Rxd4+ 52. Kxd4
Kf4 53. c4 bxc4 54. bxc4 g5 55. c5 g4 56. c6 g3 57. c7 g2 58. c8=Q g1=Q+ 59.
Kd5 Qd1+ 60. Kc6 Qc2+ 61. Kb7 Qb3+ 62. Ka7 Qe3+ 63. Kxa6 Qxa3+ 64. Kb7 Qb4+ 65.
Kc7 Qc5+ 66. Kb8 Qb6+ 67. Qb7 Qxb7+ 68. Kxb7 1/2-1/2

[Event "Forcing Moves First Spring-2 U1900"]
[Site "Mississauga CAN"]
[Date "2023.05.27"]
[Round "1.13"]
[White "Chowdavarapu, Nanda Sai Vinesh"]
[Black "Bala, Mehar"]
[Result "1/2-1/2"]
[WhiteElo "1382"]
[BlackElo "1203"]
[PlyCount "127"]
[EventDate "2023.05.27"]
[EventType "swiss"]
[EventRounds "5"]
[EventCountry "CAN"]

1. d4 d5 2. Bf4 Nf6 3. e3 Bf5 4. c3 e6 5. Qb3 b6 6. Bb5+ Nbd7 7. Qa4 Bd6 8. Bg3
O-O 9. Bc6 Rb8 10. Nf3 a5 11. Bb5 Qc8 12. Nbd2 Rd8 13. Bh4 c5 14. O-O Qb7 15.
Rfe1 Rbc8 16. a3 Nf8 17. Ne5 Ng6 18. Bxf6 gxf6 19. Nxg6 hxg6 20. Nf1 Kg7 21.
Be2 Rh8 22. Bf3 Bd3 23. g3 Qc7 24. dxc5 Bxc5 25. Rad1 b5 26. Qb3 a4 27. Qa2 Be4
28. Bxe4 dxe4 29. c4 Rh5 30. cxb5 Bd6 31. Qb1 Rxb5 32. Rc1 Qb8 33. Rxc8 Qxc8
34. Qxe4 Rxb2 35. Qxa4 Ra2 36. Qd1 Qc3 37. Qc1 Rc2 38. Qa1 Bxa3 39. Qxc3 Rxc3
40. Nd2 Rc1 41. Rxc1 Bxc1 42. Nb3 Bb2 43. Kg2 f5 44. Kf3 Kf6 45. Nd2 Bc3 46.
Nc4 g5 47. e4 g4+ 48. Ke3 e5 49. exf5 Kxf5 50. Nd6+ Ke6 51. Nb5 Ba5 52. f3 Bb6+
53. Ke2 f5 54. fxg4 fxg4 55. Nc3 Bg1 56. Kf1 Bxh2 57. Kg2 Bxg3 58. Kxg3 Kf5 59.
Nd5 e4 60. Ne3+ Ke5 61. Kxg4 Kd4 62. Kf4 Kd3 63. Nf5 e3 64. Nxe3 1/2-1/2

[Event "Forcing Moves First Spring-2 U1900"]
[Site "Mississauga CAN"]
[Date "2023.05.27"]
[Round "1.15"]
[White "Dembla, Shabd"]
[Black "Arnold, Devin"]
[Result "1-0"]
[WhiteElo "1342"]
[BlackElo "1091"]
[PlyCount "79"]
[EventDate "2023.05.27"]
[EventType "swiss"]
[EventRounds "5"]
[EventCountry "CAN"]

1. e4 e6 2. d4 c5 3. Nf3 cxd4 4. Nxd4 Bc5 5. Nb3 Bb6 6. Bd3 Nf6 7. O-O Qc7 8.
Nc3 Qe5 9. Qf3 Bc7 10. Qg3 Qxc3 11. bxc3 Bxg3 12. fxg3 Nc6 13. Bg5 Ng8 14. Bb5
f6 15. Bxc6 bxc6 16. Be3 e5 17. Rad1 Ne7 18. Rd2 d5 19. Nc5 Rb8 20. Nb3 Ba6 21.
Rfd1 Bc4 22. Bxa7 Ra8 23. Bc5 Rxa2 24. exd5 cxd5 25. Nc1 Ra5 26. Bb4 Ra4 27.
Nb3 Ra2 28. Na5 Kf7 29. Nxc4 dxc4 30. Rd7 Re8 31. Rc7 Ke6 32. g4 Nd5 33. Rc6+
Kd7 34. Rd6+ Kc7 35. R6xd5 Rxc2 36. Rc5+ Kb6 37. Rd6+ Kb7 38. Ba5 Ra8 39. Rb6+
Ka7 40. Rc7# 1-0

[Event "Forcing Moves First Spring-2 U1900"]
[Site "Mississauga CAN"]
[Date "2023.05.27"]
[Round "1.16"]
[White "Surendran, Siddharth"]
[Black "Kang, Richard"]
[Result "0-1"]
[WhiteElo "946"]
[BlackElo "1332"]
[PlyCount "86"]
[EventDate "2023.05.27"]
[EventType "swiss"]
[EventRounds "5"]
[EventCountry "CAN"]

1. e4 c6 2. Nf3 d5 3. exd5 cxd5 4. d4 Nc6 5. Nc3 Bg4 6. h3 Bxf3 7. Qxf3 e6 8.
Be3 Qb6 9. Bb5 Bb4 10. Bxc6+ bxc6 11. O-O Nf6 12. Qg3 O-O 13. Bh6 Ne8 14. Ne2
Bd6 15. Bf4 Bxf4 16. Nxf4 Qxd4 17. c3 Qb6 18. b4 a5 19. Nd3 Nf6 20. Nc5 axb4
21. cxb4 Qxb4 22. Rac1 Rfc8 23. Rc2 Ne4 24. Nxe4 Qxe4 25. Rfc1 d4 26. Rc4 Qd5
27. Rc5 Qxa2 28. Rxc6 Rxc6 29. Rxc6 Qb1+ 30. Kh2 Rd8 31. Qc7 Qb8 32. Qxb8 Rxb8
33. Rd6 e5 34. Kg3 Kf8 35. Kf3 Ke7 36. Ra6 f5 37. g4 Rb3+ 38. Kg2 f4 39. Ra5
Ke6 40. Ra6+ Kd5 41. Ra7 d3 42. Rxg7 Ke4 43. Rxh7 d2 0-1

[Event "Forcing Moves First Spring-2 U1900"]
[Site "Mississauga CAN"]
[Date "2023.05.27"]
[Round "2.5"]
[White "Dembla, Shabd"]
[Black "Cater, Brendan"]
[Result "0-1"]
[WhiteElo "1342"]
[BlackElo "1768"]
[PlyCount "58"]
[EventDate "2023.05.27"]
[EventType "swiss"]
[EventRounds "5"]
[EventCountry "CAN"]

1. e4 e5 2. Nf3 Nf6 3. Nc3 Nc6 4. Bb5 Nd4 5. a3 Nxb5 6. Nxb5 c6 7. Nc3 d6 8. h3
h6 9. d4 Qc7 10. Be3 Be7 11. Qd2 Be6 12. O-O-O Rd8 13. Qe2 Qa5 14. Nd2 exd4 15.
Bxd4 O-O 16. f4 b5 17. f5 b4 18. fxe6 bxc3 19. exf7+ Rxf7 20. Bxc3 Qa4 21. Rhe1
d5 22. e5 Ne8 23. Nb3 c5 24. Rf1 Rxf1 25. Rxf1 d4 26. Bd2 d3 27. Qh5 Qc4 28.
Na1 dxc2 29. Qf5 Rxd2 0-1

[Event "Forcing Moves First Spring-2 U1900"]
[Site "Mississauga CAN"]
[Date "2023.05.27"]
[Round "2.6"]
[White "Qian, Ashley"]
[Black "Hong, Zihan"]
[Result "1/2-1/2"]
[WhiteElo "1761"]
[BlackElo "1280"]
[PlyCount "72"]
[EventDate "2023.05.27"]
[EventType "swiss"]
[EventRounds "5"]
[EventCountry "CAN"]

1. e4 d5 2. exd5 Qxd5 3. Nc3 Qa5 4. d4 Nf6 5. Nf3 Bg4 6. h3 Bh5 7. g4 Bg6 8.
Bg2 c6 9. Ne5 e6 10. Bf4 Nbd7 11. O-O Nxe5 12. Bxe5 O-O-O 13. a3 Bd6 14. b4 Qc7
15. Qe2 Bxe5 16. dxe5 Nd5 17. Nxd5 exd5 18. f4 h6 19. f5 Bh7 20. Rae1 Rhe8 21.
Rf3 g6 22. fxg6 Bxg6 23. Rf6 Re6 24. Kh1 b6 25. c3 Kb7 26. Rxe6 fxe6 27. Rf1
Qh7 28. Qe3 h5 29. gxh5 Qxh5 30. Rf6 Bf5 31. Rh6 Qd1+ 32. Kh2 Qc2 33. Qg3 Rd7
34. h4 Rf7 35. Qg8 Rc7 36. Qg3 Rf7 1/2-1/2